| 000 | 01092nam0a22003011 4500 | ||
|---|---|---|---|
| 001 | rc\2246798 | ||
| 005 | 20250623070045.0 | ||
| 035 | _a(NLR Aleph) 006651688 | ||
| 090 |
_a4800926 _c4800926 |
||
| 100 | _a20110829d1978 |||y0rusy50 ca | ||
| 101 | 0 | _arus | |
| 102 | _aRU | ||
| 105 | _aa z ||||| | ||
| 200 | 1 |
_aВыход нейтронов из толстой свинцовой мишени под действием электронов высоких энергий _fВ.И. Нога, Ю.Н. Ранюк, Ю.Н. Телегин, П.В. Сорокин |
|
| 210 |
_aХарьков _cХФТИ _d1978 |
||
| 215 |
_a12 с. _cил. _d21 |
||
| 225 | 1 |
_aХарьковский институт АН УССР _vХФТИ 78-34 |
|
| 320 | _aБиблиогр.: с. 11-12 | ||
| 701 | 1 |
_aТелегин _bЮ.Н. |
|
| 701 | 1 |
_aСорокин _bП.В. |
|
| 701 | 1 |
_aРанюк _bЮ.Н. |
|
| 701 | 1 |
_aНога _bВ.И. _gВиктор Иванович |
|
| 801 | 0 |
_aRU _bNLR _gpsbo |
|
| 801 | 1 |
_aRU _bELAR _2rusmarc |
|
| 852 |
_aNLR _j79-4/3348 |
||
| 899 |
_aRuMoRGB _jБр 169/85 |
||
| 942 | _cBOOK | ||
| 980 | _aNB | ||